00439nam a2200145Ia 4500008004100000020001500041100002200056245002700078260002100105500002400126650003500150942000700185952008400192999001700276230524s9999 xx 000 0 und d a8184081987 aChandrgupt936623 0aTales of Akbar- Birbal bCross Lnnd Books aQuantity Number: 1 aPersonality Development936624 cBK 00104070aTATCLbTATCLcGENd2023-05-24l0p44974r2023-05-24w2023-05-24yBK c50670d50670